00930nam a2200193 a 450000500170000000800410001702000150005804000270007304100080010004400070010808200180011511000550013324502330018826000870042130000180050894200150052699900150054195201800055620191224041726.0140314b1997 sz ||||| |||| 00| 0 spa d a9280507310 aCO-BoIAVH cCO-BoIAVH  aspa asz a346.0482 O56e2 bOrganización Mundial de la Propiedad Intelectual10aTratado de la OMPI sobre derecho de autor (WCT) (1996)bcon las declaraciones concertadas relativas al Tratado adoptadas por la conferencia diplomática y las disposiciones del Convenio de Berna (1971) mencionadas en el Tratado aGinebra (Suiza):bOrganización Mundial de la Propiedad Intelectual OMPI, c1997. a58 páginas. cLIBRO2ddc c4157d4157 00102ddc40708GENERALIINV2017aBogotabBogotad2004-09-22eVilla, Claudiag39000.00l0oLB-346.0482 O56ep016712r2012-12-04 00:00:00tEj. 1w2012-12-04xDonaciónyLIBRO